000 00638nam a2200229Ia 4500
003 OSt
005 20220926022951.0
006 a|||||r|||| 00| 0
007 ta
008 220923b |||||||| |||| 00| 0 eng d
037 _cGeneral Book
040 _aRTL
_cRTL
_beng
041 _2eng
_aeng
082 _aX:327.73.N7, M1
100 _aGee Sherman
_9328518
245 0 _aTechnpology Transfer,innocation and International
260 _aNew York
_bWiley
_c1981
300 _ax,228p
_ccm.
500 _aBiblioghraphy:p213-22
942 _hX:327.73.N7, M1
_cGB
_2CC
999 _c640705
_d640705